Sélection de Tuiles - Astronomie - Statistiques

Statistiques générales
  • Ce quiz a été pris 168 fois
    32 depuis la dernière actualisation
  • Le résultat moyen est 37 sur 55
Statistiques - réponses
Question Tuile Select % Correct
les planètes visibles à l'œil nu. Pluton Non
100%
les galaxies elliptiques. Non
96%
les satellites naturels de Jupiter. Lune Non
96%
les planètes visibles à l'œil nu. Vénus Oui
96%
les satellites naturels de Jupiter. Charon Non
92%
les satellites naturels de Jupiter. Europe Oui
92%
les satellites naturels de Jupiter. Io Oui
92%
les planètes visibles à l'œil nu. Mars Oui
92%
les planètes visibles à l'œil nu. Neptune Non
92%
les constellations qui existent. Petite ourse Oui
92%
les constellations qui existent. Poulpe Non
92%
les satellites naturels de Jupiter. Callisto Oui
88%
les planètes visibles à l'œil nu. Uranus Non
88%
les planètes visibles à l'œil nu. Jupiter Oui
84%
les satellites naturels de Jupiter. Mimas Non
84%
les galaxies elliptiques. Non
80%
les satellites naturels de Jupiter. Encelade Non
80%
les satellites naturels de Jupiter. Ganymède Oui
80%
les constellations qui existent. Pégase Oui
80%
les satellites naturels de Jupiter. Phobos Non
80%
les satellites naturels de Jupiter. Triton Non
80%
les galaxies elliptiques. Oui
76%
les galaxies elliptiques. Non
76%
les constellations qui existent. Renard Non
76%
les galaxies elliptiques. Oui
72%
les galaxies elliptiques. Non
72%
les constellations qui existent. Croix du Nord Non
68%
les planètes visibles à l'œil nu. Saturne Oui
68%
les satellites naturels de Jupiter. Titan Non
68%
les planètes joviennes. Non
64%
les planètes joviennes. Oui
64%
les planètes joviennes. Non
64%
les constellations qui existent. Grand chien Oui
64%
les constellations qui existent. Héron Non
64%
les constellations qui existent. Méduse Non
64%
les planètes visibles à l'œil nu. Terre Oui
64%
les planètes joviennes. Oui
60%
les planètes visibles à l'œil nu. Mercure Oui
60%
les planètes joviennes. Non
56%
les planètes joviennes. Non
56%
les planètes joviennes. Non
56%
les constellations qui existent. Héraclès Non
56%
les constellations qui existent. Persée Oui
56%
les constellations qui existent. Tigre Non
56%
les galaxies elliptiques. Oui
48%
les galaxies elliptiques. Non
48%
les galaxies elliptiques. Non
48%
les planètes joviennes. Oui
48%
les planètes joviennes. Oui
48%
les constellations qui existent. Céphée Oui
44%
les constellations qui existent. Compas Oui
24%
les constellations qui existent. Girafe Oui
24%
les constellations qui existent. Dauphin Oui
20%
les constellations qui existent. Paon Oui
20%
les satellites naturels de Jupiter. Adrastée Oui
8%
Aucun quiz correspondant
Distribution des résultats
% des personnes avec chaque résultat
Percentile par nombre de réponses
Votre historique - résultats
Vous n’avez pas pris ce quiz depuis la dernière actualisation